| 000 | 02185nam a2200241 a 4500 | ||
|---|---|---|---|
| 001 | 71937 | ||
| 003 | BD-RjUL | ||
| 005 | 20211209082203.0 | ||
| 008 | 170509s1958 nyua i101 0 eng d | ||
| 035 | _a(BD-RjUL)72153 | ||
| 038 | _aOCoLC | ||
| 040 |
_aOCO _cOCO _dCOD _dHUH _dNLM _dAGL _dCGC _dAU@ _dZWZ _dUkDhU _beng |
||
| 041 | 1 |
_aeng _afre _arus _aspa |
|
| 082 |
_223 _a539.7 _bINP 1958 |
||
| 110 | 2 |
_aInternational Conference on the Peaceful Uses of Atomic Energy _9212771 |
|
| 245 | 1 | 0 |
_aProceedings of the second United Nations International Conference on the Peaceful Uses of Atomic Energy : _bheld in Geneva, 1 September-13 September 1958 / _cInternational Conference on the Peaceful Uses of Atomic Energy |
| 260 |
_aGeneva : _bUnited Nations, _c1958. |
||
| 300 |
_a33 v. : _bill. ; _c29 cm. |
||
| 500 | _aUnited Nations publication. Sales No.: 58.IX.2." | ||
| 505 | 0 | _avol. 1. Progress in atomic energy -- v.2. Survey of raw material resources -- v.3. Processing of raw materials -- v.4. Production of nuclear materials and isotopes -- v.5. Properties of reactor materials -- v.6. Basic metallurgy and fabrication of fuels -- v.7. Reactor technology -- v.8-9. Nuclear power plants, pt. 1-2 -- v.11. Reactor safety and control -- v.12. Reactor physics -- v.13. Reactor physics and economics -- v.14. Nuclear physics and instrumentation -- v.15. Physics in nuclear energy -- v.16. Nuclear data and reactor theory -- v.17. Processing irradiated fuels and radioactive materials -- v.18. Waste treatment and environmental aspects of atomic energy -- v.19. Use of isotopes: industrial use -- v.20. Isotopes in research -- v.21. Health and safety: dosimetry and standards -- v.22. Biological effects of radiation -- v. 23. Experience in radiological protection -- v. 24-25. Isotopes in biochemistry and physiology, pt. 1-2 -- v.26. Isotopes in medicine -- v.27. Isotopes in agriculture -- v.28. Basic chemistry in nuclear energy -- v.29. Chemical effects of radiation -- v.30. Fundamental physics -- v.31. Theoretical and experimental aspects of controlled nuclear fusion -- v.32. Controlled fusion devices. -- v.33. Index. | |
| 650 | 0 |
_aAutomic (Nuclear Physics) _9204846 |
|
| 942 |
_2ddc _cBK |
||
| 999 |
_c71937 _d71937 |
||